Business accounting

Bibliographic Details
Main Author: Wood, Frank (Author)
Format: Book
Published: London : Longman , 1984
Edition:4th ed
Subjects:

MARC

LEADER 00000cam a2200000 7i4500
001 0000005141
005 20040428093000.0
008 021118s1984
020 |a 0582416221 
090 0 0 |a HF5635   |b .W66 
100 0 |a Wood, Frank ,   |e author 
245 1 0 |a Business accounting   |c Frank Wood 
250 |a 4th ed 
260 2 |a London :   |b Longman ,   |c 1984 
300 |a 2 v. ;   |c 22 cm. 
504 |a Includes index 
650 0 |a Accounting 
999 |a 1000035830   |b Book   |c OPEN SHELF (30 DAYS)   |e Gong Badak Campus 
999 |a 1000035831   |b Book   |c OPEN SHELF (30 DAYS)   |e Gong Badak Campus